Pokémon - Qui apprend Séisme ? - Statistiques

Statistiques générales
  • Ce quiz a été pris 53 fois
    47 depuis la dernière actualisation
  • Le résultat moyen est 114 sur 274
Statistiques - réponses
Gen Pokémon % Correct
1 Dracaufeu
89%
1 Florizarre
89%
1 Tortank
86%
1 Mew
81%
1 Mewtwo
81%
1 Onix
81%
1 Racaillou
81%
7 Racaillou (forme d'Alola)
81%
1 Gravalanch
78%
7 Gravalanch (forme d'Alola)
78%
1 Grolem
78%
7 Grolem (forme d'Alola)
78%
2 Steelix
78%
1 Léviator
76%
1 Nidoking
76%
1 Nidoqueen
76%
1 Ptéra
76%
1 Sablaireau
76%
7 Sablaireau (forme d'Alola)
76%
1 Triopikeur
76%
7 Triopikeur (forme d'Alola)
76%
1 Dracolosse
73%
1 Mackogneur
73%
1 Rhinocorne
73%
1 Rhinoféros
73%
1 Sabelette
73%
7 Sabelette (forme d'Alola)
73%
1 Tauros
73%
1 Machopeur
68%
4 Rhinastoc
68%
2 Typhlosion
68%
3 Groudon
65%
2 Ho-Oh
65%
1 Kangourex
65%
1 Kicklee
65%
2 Lugia
65%
2 Méganium
65%
1 Ossatueur
65%
7 Ossatueur (forme d'Alola)
65%
1 Osselait
65%
1 Tygnon
65%
2 Tyranocif
65%
4 Arceus
62%
4 Dialga
62%
2 Embrylex
62%
3 Galekid
62%
3 Galeking
62%
1 Machoc
62%
4 Palkia
62%
1 Ronflex
62%
4 Torterra
62%
2 Ymphect
62%
1 Arbok
59%
3 Galegon
59%
4 Giratina
59%
4 Hippodocus
59%
3 Laggron
59%
2 Aligatueur
57%
3 Braségali
57%
3 Drattak
57%
3 Flobio
57%
4 Heatran
57%
4 Hippopotas
57%
3 Kyogre
57%
3 Rayquaza
57%
4 Simiabraz
57%
1 Taupikeur
57%
7 Taupikeur (forme d'Alola)
57%
1 Abo
54%
3 Libégon
54%
3 Métalosse
54%
3 Monaflèmit
54%
7 Noadkoko (forme d'Alola)
54%
4 Pingoléon
54%
3 Regice
54%
3 Regirock
54%
3 Registeel
54%
2 Scorplane
54%
3 Vibraninf
54%
3 Armaldo
51%
3 Camérupt
51%
4 Carchacrok
51%
5 Déméteros
51%
3 Jungko
51%
3 Kraknoix
51%
2 Leuphorie
51%
3 Métang
51%
4 Scorvol
51%
2 Debugant
49%
1 Flagadoss
49%
8 Flagadoss (forme de Galar)
49%
5 Golemastoc
49%
1 Leveinard
49%
5 Roitiflam
49%
1 Scarabrute
49%
2 Ursaring
49%
3 Vacilys
49%
3 Barbicha
46%
3 Barloche
46%
4 Carmache
46%
1 Colossinge
46%
1 Férosinge
46%
5 Gringolem
46%
3 Hariyama
46%
3 Kaorine
46%
2 Kapoera
46%
3 Latias
46%
3 Latios
46%
1 Ramoloss
46%
8 Ramoloss (forme de Galar)
46%
1 Tartard
46%
3 Vigoroth
46%
4 Bastiodon
43%
4 Charkos
43%
2 Cochignon
43%
4 Griknot
43%
2 Maraiste
43%
4 Regigigas
43%
2 Roigada
43%
8 Roigada (forme de Galar)
43%
3 Séleroc
43%
3 Solaroc
43%
3 Balbuto
41%
3 Chamallot
41%
5 Crocorible
41%
4 Dinoclier
41%
2 Ecremeuh
41%
1 Excelangue
41%
5 Gigalithe
41%
4 Mammochon
41%
2 Marcacrin
41%
5 Minotaupe
41%
2 Simularbre
41%
5 Terrakium
41%
1 Têtarte
41%
4 Tritosor
41%
2 Axoloto
38%
4 Bouldeneu
38%
3 Brouhabam
38%
3 Chartor
38%
4 Coudlangue
38%
5 Crapustule
38%
2 Donphan
38%
4 Elekable
38%
5 Escroco
38%
7 Félinferno
38%
4 Gallame
38%
5 Géolithe
38%
4 Lucario
38%
5 Mascaïman
38%
3 Oniglali
38%
2 Phanpy
38%
2 Queulorior
38%
3 Relicanth
38%
5 Rototaupe
38%
3 Tarinor
38%
5 Trioxhydre
38%
3 Wailmer
38%
3 Wailord
38%
6 Zygarde
38%
6 Blindépique
35%
4 Blizzaroi
35%
7 Bourrinos
35%
5 Darumacho
35%
8 Darumacho (forme de Galar)
35%
3 Kaimorse
35%
4 Kranidos
35%
5 Limonde
35%
8 Limonde (forme de Galar)
35%
4 Maganon
35%
4 Noctunoir
35%
5 Nodulithe
35%
4 Riolu
35%
2 Scarhino
35%
7 Solgaleo
35%
4 Tarinorme
35%
2 Teddiursa
35%
6 Volcanion
35%
4 Coatox
32%
4 Drascore
32%
6 Excavarenne
32%
2 Foretress
32%
4 Goinfrex
32%
2 Insolourdo
32%
5 Judokrak
32%
5 Karaclée
32%
3 Makuhita
32%
5 Mégapagos
32%
3 Téraclope
32%
7 Tiboudet
32%
3 Tropius
32%
2 Volcaropod
32%
5 Aéroptéryx
30%
5 Carapagos
30%
2 Cerfrousse
30%
2 Corayon
30%
8 Corayon (forme de Galar)
30%
3 Phogleur
30%
2 Tarpaud
30%
5 Tranchodon
30%
7 Trépassable
30%
4 Archéodong
27%
4 Archéomire
27%
5 Arkéapti
27%
5 Bétochef
27%
5 Frison
27%
6 Muplodocus
27%
3 Obalie
27%
6 Pandarbare
27%
2 Pomdepik
27%
6 Ptyranidur
27%
3 Ramboum
27%
6 Rexillius
27%
6 Séracrawl
27%
3 Sharpedo
27%
3 Altaria
24%
7 Bacabouh
24%
2 Caratroc
24%
6 Chevroum
24%
5 Crabaraque
24%
4 Cradopaud
24%
6 Dragmara
24%
5 Drakkarmin
24%
3 Séviper
24%
8 Tutafeh (forme de Galar)
24%
8 Tutétékri
24%
5 Crabicoque
22%
2 Démanta
22%
2 Girafarig
22%
2 Granbull
22%
7 Ama-Ama
19%
7 Argouste
19%
3 Avaltout
19%
5 Brutapode
19%
8 Corayôme
19%
7 Ekaïser
19%
7 Engloutyran
19%
7 Froussardine
19%
6 Golgopathe
19%
8 Gorythmic
19%
7 Melmetal
19%
8 Monthracite
19%
7 Bébécaille
16%
4 Cheniselle (cape Sable)
16%
7 Ecaïd
16%
7 Manglouton
16%
6 Opermine
16%
2 Snubbull
16%
7 Bamboiselle
14%
7 Boumata
14%
7 Crabagarre
14%
7 Crabominable
14%
6 Désseliande
14%
8 Pachyradjah
14%
4 Babimanta
11%
7 Chelours
11%
8 Dolman
11%
7 Draïeul
11%
8 Dunaconda
11%
8 Dunaja
11%
7 Gouroutan
11%
7 Météno
11%
7 Nounourson
11%
7 Quartermac
11%
6 Sapereau
11%
7 Necrozma
8%
8 Rongrigou
8%
7 Sinistrail
8%
7 Dodoala
5%
8 Dratatin
5%
8 Galvagon
5%
8 Hydragon
5%
8 Torgamord
5%
7 Mouscoto
3%
Aucun quiz correspondant
Distribution des résultats
% des personnes avec chaque résultat
Percentile par nombre de réponses
Votre historique - résultats
Vous n’avez pas pris ce quiz depuis la dernière actualisation